| 000 | 00348nam a22001217a 4500 | ||
|---|---|---|---|
| 082 |
_a346.549104344 _bAWA |
||
| 100 | _aAwan, Iqbal Mahmood | ||
| 245 |
_aUrban Rent Restriction Ordinance (VI of 1959) / _cIqbal Mahmood Awan |
||
| 260 |
_aLahore : _bMansoor Book House, _cN.A. |
||
| 300 |
_a144 p. ; _c24 CM. |
||
| 563 | _aHB. | ||
| 942 |
_2ddc _cBK |
||
| 999 |
_c615976 _d615976 |
||